[Event "Tbilisi Champions Cup"]
[Site "Tbilisi"]
[Date "2023.10.19"]
[Round "7"]
[White "Bechvaia, Giorgi"]
[Black "Chkhartishvili, Lika"]
[Result "1/2-1/2"]
[WhiteElo "1899"]
[BlackElo "1309"]
[PlyCount "87"]
[EventDate "2023.10.13"]
[EventType "swiss"]
[EventRounds "9"]
[EventCountry "GEO"]
[SourceTitle "EXT 2025"]
[Source "ChessBase"]
[SourceDate "2024.10.14"]
[SourceVersion "1"]
[SourceVersionDate "2024.10.14"]
[SourceQuality "1"]

1. d4 Nf6 2. Bg5 e6 3. e4 h6 4. Bxf6 Qxf6 5. Nf3 d6 6. Nc3 g6 7. e5 dxe5 8. dxe5 Qe7 9. Bb5+ Bd7 10. 0-0 Bg7 11. Qe2 0-0 12. Bd3 c5 13. h4 Bc6 14. h5 Bxf3 15. Qxf3 Bxe5 16. Qe4 Bxc3 17. bxc3 f5 18. Qe3 g5 19. Rfe1 Rf6 20. Bc4 Kf7 21. g4 fxg4 22. Qe4 Kg7 23. Bxe6 Nc6 24. Qxg4 Rf4 25. Qg3 Qf6 26. Rad1 Ne5 27. Qg2 Qxe6 28. Rxe5 Qxe5 29. Qxb7+ Rf7 30. Qxa8 Qe2 31. Rf1 Qxh5 32. Qe4 Rf4 33. Qe7+ Qf7 34. Qxf7+ Kxf7 35. Rb1 Ra4 36. Rb5 Rxa2 37. Rxc5 Rxc2 38. Rc6 h5 39. Kg2 a5 40. Rc5 Kf6 41. Rc6+ Kf7 42. Rc5 Kg6 43. Rc6+ Kf5 44. Rc5+ 1/2-1/2

[Event "Tbilisi Maia Cup rapid"]
[Site "Tbilisi"]
[Date "2019.09.05"]
[Round "4"]
[White "Charkhalashvili, Inga"]
[Black "Bechvaia, Giorgi"]
[Result "1/2-1/2"]
[WhiteElo "2276"]
[BlackElo "1923"]
[PlyCount "126"]
[EventDate "2019.09.05"]
[EventType "swiss (rapid)"]
[EventRounds "9"]
[EventCountry "GEO"]
[SourceTitle "EXT 2020"]
[Source "ChessBase"]
[SourceDate "2019.10.17"]
[SourceVersion "1"]
[SourceVersionDate "2019.10.17"]
[SourceQuality "1"]

1. d4 d5 2. c4 e6 3. Nc3 Nf6 4. Bg5 Be7 5. e3 0-0 6. Nf3 Nbd7 7. Rc1 b6 8. cxd5 exd5 9. Bd3 Bb7 10. 0-0 c5 11. dxc5 Nxc5 12. Bb1 Nce4 13. Nb5 Nxg5 14. Nxg5 g6 15. Nf3 a6 16. Nbd4 Rc8 17. Qb3 Qd6 18. Rcd1 Qb4 19. Qxb4 Bxb4 20. a3 Be7 21. Ne5 Bd6 22. Nd3 Ne4 23. f3 Nc5 24. Nf2 Rfe8 25. Rfe1 Na4 26. Rd2 Bc5 27. b4 Bd6 28. Ba2 Nc3 29. Bb3 a5 30. Nd3 Ba6 31. Kf2 Bxd3 32. Rxd3 axb4 33. axb4 Bxb4 34. Ra1 Red8 35. Ra7 Bf8 36. Rb7 Nb1 37. Nb5 Na3 38. Nxa3 Bxa3 39. Bxd5 Bc5 40. Bxf7+ Kh8 41. Bd5 Rb8 42. Rxb8 Rxb8 43. f4 Kg7 44. Kf3 Rd8 45. e4 Rd7 46. e5 h5 47. g3 Ra7 48. Bb3 Ra3 49. h3 Ra1 50. Rd7+ Kf8 51. g4 Rh1 52. Kg2 Rg1+ 53. Kh2 hxg4 54. hxg4 Rxg4 55. Rf7+ Ke8 56. Kh3 Rg1 57. Rf6 Ke7 58. Bc2 Be3 59. Bb3 b5 60. Re6+ Kd7 61. Rd6+ Ke7 62. Re6+ Kd7 63. Rd6+ Ke8 1/2-1/2

[Event "GEO-chT Club"]
[Site "Tbilisi"]
[Date "2017.11.29"]
[Round "1.4"]
[White "Kitesashvili, Giorgi"]
[Black "Bechvaia, Giorgi"]
[Result "1/2-1/2"]
[WhiteElo "1839"]
[BlackElo "1934"]
[PlyCount "143"]
[EventDate "2017.11.29"]
[EventType "team-tourn"]
[EventRounds "7"]
[EventCountry "GEO"]
[SourceTitle "CBM 181 Extra"]
[Source "ChessBase"]
[SourceDate "2017.12.12"]
[SourceVersion "1"]
[SourceVersionDate "2017.12.12"]
[SourceQuality "1"]
[WhiteTeam "Kakheti"]
[BlackTeam "Samegrelo"]
[WhiteTeamCountry "GEO"]
[BlackTeamCountry "GEO"]

1. e4 d6 2. d4 f5 3. Nc3 Nf6 4. Bd3 Nc6 5. Nf3 fxe4 6. Nxe4 Nxe4 7. Bxe4 d5 8. Bd3 Nb4 9. Bb5+ c6 10. Bd3 Bg4 11. h3 Bxf3 12. Qxf3 Nxd3+ 13. Qxd3 Qd6 14. 0-0 g6 15. Bg5 0-0-0 16. Rfe1 Re8 17. Qe3 Bg7 18. Bf4 Qd7 19. Be5 Bxe5 20. Qxe5 Rhf8 21. c3 e6 22. Re2 Qc7 23. Rae1 Qxe5 24. Rxe5 Kd7 25. R1e3 Re7 26. g3 b6 27. Kg2 Kd6 28. f4 c5 29. Kf3 cxd4 30. cxd4 Rc8 31. Rc3 Rxc3+ 32. bxc3 Rc7 33. Re3 Rc4 34. Kg4 b5 35. Kg5 b4 36. cxb4 Rxd4 37. b5 Re4 38. Rc3 Rc4 39. Ra3 Rc7 40. Kf6 d4 41. Ra6+ Kc5 42. Ke5 Rd7 43. Rc6+ Kxb5 44. Rc1 d3 45. Kxe6 Rd8 46. g4 d2 47. Rd1 Kc4 48. f5 gxf5 49. gxf5 Kc3 50. f6 Kc2 51. Rf1 d1Q 52. Rxd1 Kxd1 53. Ke7 Rb8 54. f7 Ke2 55. f8Q Rxf8 56. Kxf8 Kf3 57. Kg7 h5 58. Kg6 h4 59. Kf5 a5 60. a4 Kg3 61. Ke4 Kxh3 62. Kf3 Kh2 63. Kf2 h3 64. Kf1 Kg3 65. Kg1 Kf3 66. Kh2 Ke3 67. Kxh3 Kd3 68. Kg2 Kc3 69. Kf2 Kb3 70. Ke2 Kxa4 71. Kd2 Kb3 72. Kc1 1/2-1/2